Test de Rapidité : Allez de 1 à 100 - Statistiques

Statistiques générales
  • Ce quiz a été pris 624 fois
  • Le résultat moyen est 24 sur 100
Statistiques - réponses
Hint Réponse % Correct
25 25
32%
36 36
31%
11 11
29%
5 5
29%
2 2
28%
44 44
28%
58 58
28%
7 7
28%
72 72
28%
93 93
28%
98 98
28%
20 20
27%
28 28
27%
51 51
27%
55 55
27%
66 66
27%
13 13
26%
14 14
26%
19 19
26%
32 32
26%
40 40
26%
87 87
26%
92 92
26%
12 12
25%
15 15
25%
16 16
25%
21 21
25%
30 30
25%
38 38
25%
42 42
25%
50 50
25%
53 53
25%
57 57
25%
60 60
25%
79 79
25%
95 95
25%
18 18
24%
22 22
24%
24 24
24%
35 35
24%
52 52
24%
56 56
24%
70 70
24%
73 73
24%
88 88
24%
89 89
24%
90 90
24%
94 94
24%
96 96
24%
97 97
24%
27 27
23%
34 34
23%
37 37
23%
46 46
23%
61 61
23%
65 65
23%
67 67
23%
68 68
23%
76 76
23%
77 77
23%
80 80
23%
83 83
23%
91 91
23%
23 23
22%
33 33
22%
39 39
22%
4 4
22%
47 47
22%
48 48
22%
59 59
22%
6 6
22%
63 63
22%
74 74
22%
78 78
22%
8 8
22%
81 81
22%
84 84
22%
9 9
22%
1 1
21%
10 10
21%
26 26
21%
31 31
21%
41 41
21%
43 43
21%
64 64
21%
69 69
21%
82 82
21%
86 86
21%
100 100
20%
3 3
20%
71 71
20%
75 75
20%
85 85
20%
17 17
19%
45 45
19%
49 49
19%
99 99
19%
54 54
18%
29 29
17%
62 62
17%
Aucun quiz correspondant
Distribution des résultats
% des personnes avec chaque résultat
Percentile par nombre de réponses
Votre historique - résultats
Vous n’avez pas pris ce quiz